000 00672cam a2200253 4500
008 090401t1999 xxu||||| |||| 00| 0 eng d
020 _a1900858290
035 _a(Sirsi) u91532
041 _aeng
050 _a692.5
110 _aBuilding Maintenance Information
_93229
245 _aBMI building maintenance price book 1999.
250 _a19th ed.
260 _aLondon
_bBMI
_c1999
300 _a232p. ; 21cm.
350 _a56
650 _aBUILT ENVIRONMENT-BUILDING COSTS
650 _aLABOUR COSTS
650 _aMAINTENANCE COSTS
650 _aBUILDING PRICE BOOKS
690 _aBUILT ENVIRONMENT-BUILDING COSTS
942 _n0
948 _c23/02/1999
999 _c97653
_d97653